[Event "Titled Tuesday intern op 7th Mar Early"]
[Site "Chess.com INT"]
[Date "2023.03.07"]
[Round "1"]
[White "Hamedi Nia, Vesal"]
[Black "Hayrapetyan, Hovik"]
[Result "0-1"]
[WhiteElo "1851"]
[BlackElo "2442"]
[PlyCount "48"]
[EventDate "2023.03.07"]
[EventType "swiss (blitz)"]
[EventRounds "11"]
[EventCountry "USA"]
[SourceTitle "EXT 2024"]
[Source "ChessBase"]
[SourceDate "2023.10.10"]
[SourceVersion "1"]
[SourceVersionDate "2023.10.10"]
[SourceQuality "1"]

1. d4 Nf6 2. c4 e6 3. Nf3 d5 4. Nc3 Bb4 5. Qa4+ Nc6 6. e3 0-0 7. Bd2 Re8 8. a3 Bf8 9. Rd1 a6 10. Qc2 e5 11. cxd5 Nxd4 12. exd4 exd4+ 13. Ne2 Qxd5 14. Bf4 c5 15. b3 b5 16. b4 Bf5 17. Qb2 d3 18. Ne5 c4 19. Ng3 Bg4 20. f3 Bd6 21. fxg4 Rxe5+ 22. Bxe5 Bxe5 23. Qd2 Re8 24. Bxd3 Bc3+ 0-1

[Event "Titled Tuesday intern op 13th Dec Late"]
[Site "Chess.com INT"]
[Date "2022.12.13"]
[Round "1"]
[White "Yuan, Qingyu"]
[Black "Hamedi Nia, Vesal"]
[Result "1-0"]
[WhiteElo "2373"]
[BlackElo "1870"]
[PlyCount "157"]
[EventDate "2022.12.13"]
[EventType "swiss (blitz)"]
[EventRounds "11"]
[EventCountry "USA"]
[SourceTitle "EXT 2024"]
[Source "ChessBase"]
[SourceDate "2023.10.10"]
[SourceVersion "1"]
[SourceVersionDate "2023.10.10"]
[SourceQuality "1"]

1. e4 c5 2. Nf3 Nc6 3. Bb5 g6 4. Bxc6 dxc6 5. d3 Bg7 6. Nc3 Nf6 7. h3 Nd7 8. Be3 e5 9. Qd2 h6 10. 0-0 b6 11. Nh2 Nf8 12. f4 exf4 13. Bxf4 Ne6 14. Bg3 Nd4 15. Nf3 0-0 16. Rae1 Be6 17. a3 c4 18. Kh1 cxd3 19. cxd3 c5 20. e5 Nf5 21. Bh2 Re8 22. Ne4 Bd5 23. Rd1 Bxe4 24. dxe4 Qxd2 25. Rxd2 Ne3 26. Rc1 Rad8 27. Bf4 Rxd2 28. Nxd2 Bxe5 29. Bxe3 Bxb2 30. Rb1 Bxa3 31. Ra1 Bb4 32. Rxa7 Rd8 33. Nc4 Rd1+ 34. Kh2 Re1 35. Bxh6 Rxe4 36. Nxb6 c4 37. Nd5 Bd6+ 38. Kg1 Bc5+ 39. Kf1 Bxa7 40. Nf6+ Kh8 41. Nxe4 Kh7 42. Bd2 f5 43. Nc3 Kg7 44. Ke2 Kf6 45. Be3 Bb8 46. Bd4+ Ke6 47. Ke3 Bg3 48. Ne2 Bd6 49. Nf4+ Kf7 50. Nd5 Ba3 51. Nb6 Bc1+ 52. Kf3 c3 53. Bxc3 Ke6 54. Bd4 g5 55. Nc4 Bf4 56. Be3 Bxe3 57. Nxe3 g4+ 58. hxg4 fxg4+ 59. Kxg4 Kf6 60. g3 Kg6 61. Ng2 Kg7 62. Ne1 Kh7 63. Nf3 Kg6 64. Nh2 Kg7 65. Nf1 Kh6 66. Ne3 Kg6 67. Ng2 Kg7 68. Nf4 Kh6 69. Kf5 Kg7 70. g4 Kf7 71. g5 Kg7 72. g6 Kh6 73. Nd3 Kg7 74. Kg5 Kg8 75. Kh6 Kh8 76. g7+ Kg8 77. Nc1 Kf7 78. Kh7 Kf6 79. g8Q 1-0

[Event "Titled Tuesday intern op 19th Jul Early"]
[Site "Chess.com INT"]
[Date "2022.07.19"]
[Round "5"]
[White "Nguyen, Quoc Hy"]
[Black "Hamedi Nia, Vesal"]
[Result "0-1"]
[WhiteElo "2268"]
[BlackElo "1857"]
[PlyCount "102"]
[EventDate "2022.07.19"]
[EventType "swiss (blitz)"]
[EventRounds "11"]
[EventCountry "USA"]
[SourceTitle "EXT 2023"]
[Source "ChessBase"]
[SourceDate "2022.10.05"]
[SourceVersion "1"]
[SourceVersionDate "2022.10.05"]
[SourceQuality "1"]

1. d4 d5 2. c4 e6 3. Nc3 Nf6 4. cxd5 exd5 5. Bg5 c6 6. e3 Bf5 7. Qf3 Bg6 8. Bxf6 Qxf6 9. Qxf6 gxf6 10. h4 h5 11. Nh3 Bd6 12. Kd2 Nd7 13. Bd3 a5 14. Ne2 a4 15. Nhf4 Nf8 16. Rac1 a3 17. b3 Bb4+ 18. Kd1 Kd7 19. Rg1 Re8 20. Kc2 Kd6 21. Bxg6 fxg6 22. Nd3 Ba5 23. b4 Bc7 24. Kb3 Ra8 25. Nc5 b6 26. Na4 Ra7 27. b5 cxb5 28. Nac3 Ra5 29. Kb4 Kd7 30. Nxd5 Bd6+ 31. Kb3 Ne6 32. Nxf6+ Ke7 33. Nd5+ Kf7 34. Nxb6 Rb8 35. Nc8 Bf8 36. d5 Nc5+ 37. Kc2 Rxc8 38. Kb1 b4 39. Nd4 Rd8 40. Nc6 Rda8 41. Nxa5 Rxa5 42. e4 b3 43. e5 b2 44. Rc4 Nd3 45. e6+ Kf6 46. Rd1 Rxd5 47. Rc3 Nf4 48. Rxd5 Nxd5 49. Rf3+ Kxe6 50. Kc2 Bd6 51. Rd3 Nb4+ 0-1

[Event "IRI-ch (Women)"]
[Site "Kermanshah"]
[Date "2022.03.03"]
[Round "4"]
[White "Hamedi Nia, Vesal"]
[Black "Mahdian, Anousha"]
[Result "0-1"]
[WhiteElo "1980"]
[BlackElo "2179"]
[PlyCount "114"]
[EventDate "2022.02.28"]
[EventType "tourn"]
[EventRounds "11"]
[EventCountry "IRI"]
[SourceTitle "EXT 2023"]
[Source "ChessBase"]
[SourceDate "2022.10.05"]
[SourceVersion "1"]
[SourceVersionDate "2022.10.05"]
[SourceQuality "1"]

1. d4 d5 2. c4 e6 3. Nc3 Bb4 4. Qa4+ Nc6 5. e3 Nf6 6. Bd2 0-0 7. Nf3 Re8 8. cxd5 exd5 9. Bb5 Bd6 10. 0-0 Bd7 11. a3 a6 12. Be2 Ne4 13. Qc2 Nxc3 14. Bxc3 Qf6 15. Bd3 h6 16. Rac1 Bg4 17. Ne5 Nxe5 18. dxe5 Bxe5 19. Bxe5 Qxe5 20. Qxc7 Qxb2 21. Rb1 Qxa3 22. Rxb7 Be6 23. Bf5 Rac8 24. Qf4 Rc4 25. Qe5 Qc3 26. Rb8 Rxb8 27. Qxb8+ Rc8 28. Qf4 Qf6 29. g4 Bxf5 30. gxf5 Rc4 31. Qf3 Re4 32. Rd1 Qe5 33. Rd2 a5 34. Ra2 a4 35. Qd1 Rh4 36. Kf1 Rxh2 37. Qxa4 Qxf5 38. Qb5 Rh1+ 39. Ke2 Qg4+ 40. Kd2 Qf3 41. Kc3 Rc1+ 42. Kb2 Rc4 43. Ka3 Qe4 44. Rb2 Rc8 45. Rb3 Qc4 46. Qb7 Qc1+ 47. Rb2 Rc3+ 48. Ka2 Rc5 49. Qb6 Qc4+ 50. Kb1 Rc8 51. Qb7 Qc6 52. Qb4 Qg6+ 53. Ka1 Ra8+ 54. Ra2 Qg1+ 55. Qb1 Qxb1+ 56. Kxb1 Rxa2 57. Kxa2 h5 0-1

[Event "Titled Tuesday intern op 22nd Dec"]
[Site "Chess.com INT"]
[Date "2020.12.22"]
[Round "3"]
[White "Hamedi Nia, Vesal"]
[Black "Al Tarbosh, Ward"]
[Result "0-1"]
[WhiteElo "1980"]
[BlackElo "2230"]
[PlyCount "96"]
[EventDate "2020.12.22"]
[EventType "swiss (blitz)"]
[EventRounds "11"]
[EventCountry "USA"]
[SourceTitle "CBM 199 Extra"]
[Source "ChessBase"]
[SourceDate "2021.01.31"]
[SourceVersion "1"]
[SourceVersionDate "2021.01.31"]
[SourceQuality "1"]

1. d4 d5 2. c4 c6 3. cxd5 cxd5 4. Nc3 Nf6 5. Bf4 Nc6 6. e3 Bg4 7. Qb3 Na5 8. Qa4+ Bd7 9. Qc2 e6 10. Bd3 Nc6 11. Qe2 Be7 12. Nf3 Nh5 13. Be5 f6 14. Bg3 f5 15. Ne5 Nxg3 16. hxg3 Nxe5 17. dxe5 0-0 18. Qh5 h6 19. g4 Bb4 20. gxf5 exf5 21. 0-0 Bxc3 22. bxc3 Qe8 23. Qh2 Rc8 24. Rfc1 Bc6 25. c4 Qg6 26. cxd5 Bxd5 27. a4 Kh8 28. a5 Bc6 29. a6 b6 30. Rc2 Rcd8 31. Be2 f4 32. Rac1 Be4 33. Rc4 fxe3 34. fxe3 Rd2 35. Re1 Rxe2 36. Rxe2 Bd3 37. Rcc2 Bxc2 38. Qh4 Bd3 39. Rd2 Rf1+ 40. Kh2 Kh7 41. Qd8 Qh5+ 42. Kg3 Qxe5+ 43. Kh3 Rh1+ 44. Kg4 h5+ 45. Kf3 Rf1+ 46. Rf2 Qf5+ 47. Kg3 Qxf2+ 48. Kh3 Rh1# 0-1

[Event "Titled Tuesday intern op 22nd Dec"]
[Site "Chess.com INT"]
[Date "2020.12.22"]
[Round "2"]
[White "Hamedi Nia, Vesal"]
[Black "Sevgi, Volkan"]
[Result "0-1"]
[WhiteElo "1980"]
[BlackElo "2344"]
[PlyCount "120"]
[EventDate "2020.12.22"]
[EventType "swiss (blitz)"]
[EventRounds "11"]
[EventCountry "USA"]
[SourceTitle "CBM 199 Extra"]
[Source "ChessBase"]
[SourceDate "2021.01.31"]
[SourceVersion "1"]
[SourceVersionDate "2021.01.31"]
[SourceQuality "1"]

1. d4 f5 2. Nf3 Nf6 3. Bf4 e6 4. e3 d5 5. c4 Bd6 6. Ne5 0-0 7. Nc3 Ne4 8. cxd5 exd5 9. Qb3 c6 10. Be2 Qe7 11. Nd3 Be6 12. Bxd6 Nxd6 13. 0-0 Nd7 14. Nf4 Bf7 15. Rac1 Rfe8 16. a4 Nb6 17. a5 Nbc4 18. Qa2 b6 19. Nd3 Rec8 20. a6 c5 21. b3 Na5 22. dxc5 Ne4 23. cxb6 axb6 24. Na4 Qd6 25. Rxc8+ Rxc8 26. b4 d4 27. Qb2 Nb3 28. exd4 Nxd4 29. Bd1 Bc4 30. Ne1 Bxa6 31. Bb3+ Kh8 32. Nc2 Nxc2 33. Bxc2 Bxf1 34. Kxf1 Qc6 35. Bb3 Rd8 36. f3 Nd2+ 37. Kf2 Nxb3 38. Qxb3 Rd2+ 39. Kg3 Qd6+ 40. Kh3 Qh6+ 41. Kg3 Qg5+ 42. Kh3 Qxg2+ 43. Kh4 Qxh2+ 44. Kg5 Qh6+ 45. Kxf5 Qf6+ 46. Kg4 Rg2+ 47. Kh3 Rg5 48. Qc4 Qh6+ 49. Qh4 Rh5 50. Qxh5 Qxh5+ 51. Kg3 Qb5 52. Nc3 Qxb4 53. Ne4 Qxe4 54. fxe4 Kg8 55. e5 Kf7 56. e6+ Kxe6 57. Kf4 Kd5 58. Kg5 b5 59. Kh5 b4 60. Kg5 b3 0-1